00932nam a2200193 a 450000100100000000500170001000800410002704000250006808200150009311000320010824500640014026000730020430000220027750001750029971000790047471000550055395201130060899900170072100003001120220321134734.0110428s1977 000 spa d aDO-SdBNPbspacBNPHU axxxxbN5322 aNew York City Ballet95672813aEl New York City Ballet y la Orquesta Sinfónica Nacional. aSanto Domingo :bAsociación Dominicana de Rehabilitación,c1977. a[10 p.] ;c22 cm. aPresentación del New York City Ballet y la Orquesta Sinfónica Nacional en el Teatro Nacional los día 16-19 de marzo de 1977 en Santo Domingo, República Dominicana2 aOrquesta Sinfonica Nacional (Santo Domingo, República Dominicana)9567292 aAsociación Dominicana de Rehabilitación932063 001050718MOaPDbPDcCTd2011-04-28iLF1l0oxxxx N532p30011-10r2020-06-25w2020-06-25y1ZNo se presta c29503d29503